Celebrity by Definition Quiz Stats

 Plays Quiz Updated Aug 11, 2019

Score 0/15 Timer 03:00
104 Plays Today
% Correct
Lucille BALL
95.3%
Nicolas CAGE
95.2%
Freddie MERCURY
95.1%
Fiona APPLE
95%
Kirstie ALLEY
94.7%
Stephen KING
94.6%
Sally FIELD
94.5%
Shirley TEMPLE
94.4%
% Correct
Ryan GOSLING
93.4%
Heath LEDGER
91.3%
Christian BALE
90.3%
Will SMITH
85.8%
Harrison FORD
80%
Tina FEY
77%
Jared LETO
69.2%

You're not logged in!

Compare scores with friends on all Sporcle quizzes.
OR
Log In

Sporcle TV

Today on Sporcle TV


Watch our educational content, quiz creation guides, and fun videos on Sporcle TV.

Show Comments

Extras

Top Quizzes Today


Score Distribution

Your Account Isn't Verified!

In order to create a playlist on Sporcle, you need to verify the email address you used during registration. Go to your Sporcle Settings to finish the process.

Report this User

Report this user for behavior that violates our Community Guidelines.

Details: